000 00564cam a22002053a 4500
001 39678
003 PGUSA
005 20140828083900.0
008 120512s2012||||xxu|||||s|||||000 | eng d
040 _aPGUSA
_beng
042 _adc
100 1 _aSchlaf, Johannes,
_d1862-1941
245 1 0 _aIn Dingsda
_h[electronic resource] /
_cJohannes Schlaf
260 _bProject Gutenberg,
_c2012
506 _aPublic domain in the USA.
516 _aElectronic text
830 0 _aProject Gutenberg
_v39678
856 4 0 _uhttp://www.gutenberg.org/ebooks/39678
942 _cEB
999 _c268931
_d268931